V.I.Lê-nin toàn tập T.6 Tháng Giêng - Tháng Tám 1902
Gồm các tác phẩm của Lênin viết từ khoảng tháng giêng đến tháng 8/1902. Trình bày những luận chứng, tư tưởng của Các Mác và Anghen về đảng, phát triển những học thuyết về đảng kiểu mới, đảng cách mạng vô sản, cương lĩnh ruộng đất của đảng dân chủ-xã hội Nga. Tập hợp các tài liệu để thảo cương lĩnh c...
Đã lưu trong:
| Tác giả chính: | |
|---|---|
| Định dạng: | Sách |
| Ngôn ngữ: | Vietnamese |
| Được phát hành: |
H.
Tiến bộ. Mát-xcơ-va
1978
|
| Những chủ đề: | |
| Các nhãn: |
Thêm thẻ
Không có thẻ, Là người đầu tiên thẻ bản ghi này!
|
| Thư viện lưu trữ: | Mạng thư viện Đại học Đà Nẵng |
|---|
| LEADER | 01833aam a22004098a 4500 | ||
|---|---|---|---|
| 001 | 000015192 | ||
| 003 | 11568 | ||
| 005 | 20120523150543.0 | ||
| 008 | 120523s1978 viesd | ||
| 020 | |d 1000b | ||
| 041 | |a vie | ||
| 082 | |2 14 |a 335.402 |b LÊ-N | ||
| 084 | |a A15 | ||
| 084 | |b V000T | ||
| 100 | 0 | |a Lênin, V.I. | |
| 245 | |a V.I.Lê-nin toàn tập |c Lênin, V.I. |n T.6 |p Tháng Giêng - Tháng Tám 1902 | ||
| 260 | |a H. |b Tiến bộ. Mát-xcơ-va |c 1978 | ||
| 300 | |a 759tr. |c 19cm | ||
| 520 | |a Gồm các tác phẩm của Lênin viết từ khoảng tháng giêng đến tháng 8/1902. Trình bày những luận chứng, tư tưởng của Các Mác và Anghen về đảng, phát triển những học thuyết về đảng kiểu mới, đảng cách mạng vô sản, cương lĩnh ruộng đất của đảng dân chủ-xã hội Nga. Tập hợp các tài liệu để thảo cương lĩnh của Đảng công nhân dân chủ-xã hội Nga | ||
| 650 | 7 | |2 Bộ TK TVQG |a Ruộng đất | |
| 650 | 7 | |2 Bộ TK TVQG |a Chủ nghĩa Mác-Lênin | |
| 650 | 7 | |2 Bộ TK TVQG |a Nông dân | |
| 650 | 7 | |2 Bộ TK TVQG |a Cương lĩnh | |
| 655 | 7 | |2 Bộ TK TVQG |a Toàn tập | |
| 773 | |d H. |d 2005 |d Chính trị Quốc gia |t V.I.Lê-nin toàn tập |w 266568 | ||
| 773 | |t V.I.Lê-nin toàn tập |w 4233 | ||
| 910 | |a Nguyễn Thị Kim Oanh |d 15/11/2011 | ||
| OWN | |a LSP | ||
| AVA | |a UDN50 |b LSP |d 335.402 LÊ-N |e available |t Error 5001 Not defined in file expand_doc_bib_avail. |f 1 |g 0 |h N |i 0 |k 1 | ||
| 999 | |a From the UDN01 | ||
| AVA | |a UDN50 |b LSP |d 335.402 LÊ-N |e available |t Error 5001 Not defined in file expand_doc_bib_avail. |f 1 |g 0 |h N |i 0 |k 1 | ||
| TYP | |a Monograph | ||
| TYP | |a Printed language | ||
| 980 | |a Mạng thư viện Đại học Đà Nẵng | ||